| 000 | 00453nam a22001457a 4500 | ||
|---|---|---|---|
| 005 | 20251108165204.0 | ||
| 008 | 250721s1983 xx 000 0 ara d | ||
| 082 | 1 | 4 | _a910.0072/صفو |
| 100 | 1 | _aخير، صفوح | |
| 245 | 1 | 0 | _aالمنهج العلمي في البحث الجغرافي / |
| 264 | 1 |
_a632ص : _bوزارة الثقافه و الإرشاد القومي، _c1983. |
|
| 650 | 1 | 7 | _aالجغرافيا |
| 942 |
_2ddc _cBK |
||
| 999 |
_c21664 _d21664 |
||